| 000 | 01064cam a2200313 4500 | ||
|---|---|---|---|
| 999 |
_c4311 _d4311 |
||
| 001 | 2670100 | ||
| 003 | GBCCL | ||
| 005 | 20241126110515.0 | ||
| 008 | 740212s1973 tnu 000 1 eng | ||
| 010 | _a 73080777 | ||
| 020 | _a0805487034 | ||
| 040 |
_aDLC _cDLC _dDLC |
||
| 050 | 0 | 0 |
_aPZ4.S8147 _bBao _aPS3569.T3385 |
| 082 | 0 | 0 |
_a813.54 _bSTE |
| 100 | 1 |
_aSteen, John Warren. _9251 |
|
| 245 | 1 | 0 | _aBarnabas and Paul: brothers in conflict. |
| 260 |
_aNashville, _bBroadman Press _c[c1973] |
||
| 300 |
_a128 p. _c20 cm. |
||
| 600 | 0 | 0 |
_aPaul, _cthe Apostle, Saint _xFiction. _98134 |
| 600 | 0 | 0 |
_aBarnabas, _cApostle, Saint _xFiction. _9252 |
| 630 | 0 | 0 |
_aBible. _pNew Testament _xHistory of Biblical events _xFiction. _9253 |
| 650 | 0 |
_aChurch history _yPrimitive and early church, ca. 30-600 _xFiction. _98135 |
|
| 650 | 0 |
_aChristian saints _xFiction. _9254 |
|
| 650 | 0 |
_aApostles _xFiction. _9255 |
|
| 655 | 7 |
_aChristian fiction. _2lcsh _9256 |
|
| 655 | 7 |
_aBiographical fiction. _2gsafd _9257 |
|
| 906 |
_a7 _bcbc _corignew _d2 _eopcn _f19 _gy-gencatlg |
||
| 942 |
_2ddc _cBK _02 |
||